UM Logo

World cultures and geography / (Record no. 963)

MARC details
000 -LEADER
fixed length control field 00710nam a2200193 4500
008 - FIXED-LENGTH DATA ELEMENTS--GENERAL INFORMATION
fixed length control field 160125b xxu||||| |||| 00| 0 eng d
020 ## - INTERNATIONAL STANDARD BOOK NUMBER
International Standard Book Number 0618377492
082 ## - DEWEY DECIMAL CLASSIFICATION NUMBER
Edition number 2005
Classification number DK12 910.7
Item number W927
245 ## - TITLE STATEMENT
Title World cultures and geography /
Statement of responsibility, etc. Sarah W. Bednarz ... [and 3 more].
260 ## - PUBLICATION, DISTRIBUTION, ETC. (IMPRINT)
Place of publication, distribution, etc. Evanston, IL :
Name of publisher, distributor, etc. McDougal Littell,
Date of publication, distribution, etc. c2007.
300 ## - PHYSICAL DESCRIPTION
Extent xxi, [833 pages] :
Other physical details color illustrations ;
Dimensions 29 cm.
500 ## - GENERAL NOTE
General note Includes glossary and index.
650 #0 - SUBJECT ADDED ENTRY--TOPICAL TERM
9 (RLIN) 2166
Topical term or geographic name as entry element Geography
Form subdivision Study and teaching (Middle school)
650 #0 - SUBJECT ADDED ENTRY--TOPICAL TERM
9 (RLIN) 2167
Topical term or geographic name as entry element Social sciences
Form subdivision Study and teaching (Middle school)
700 ## - ADDED ENTRY--PERSONAL NAME
9 (RLIN) 2495
Personal name Miyares, Ines M.
700 ## - ADDED ENTRY--PERSONAL NAME
9 (RLIN) 2497
Personal name Schug, Mark C
700 ## - ADDED ENTRY--PERSONAL NAME
9 (RLIN) 2496
Personal name White, Charles S.
942 ## - ADDED ENTRY ELEMENTS (KOHA)
Source of classification or shelving scheme Dewey Decimal Classification
Koha item type Books
Holdings
Withdrawn status Lost status Source of classification or shelving scheme Damaged status Not for loan Collection code Home library Current library Shelving location Date acquired Source of acquisition Total Checkouts Full call number Barcode Date last seen Date last checked out Copy number Price effective from Koha item type
    Dewey Decimal Classification     K-12 UM Digos College - LIC UM Digos College - LIC Book Cart 08/12/2015 Purchased 1 DK12 910.7 W927 2005 23218 05/15/2025 02/28/2023 1 02/05/2016 Books